000 00310nam a2200133Ia 4500
008 240624s9999 xx 000 0 und d
041 _aeng
082 _a828 BAS
100 _aBASU SIDDHARTHA
245 _aKAUN BANEGA CROREPATI
260 _c2010
_aNew Delhi
_bRupa & Co.
300 _a272 : p.
365 _cRS
999 _c17149
_d17149